ბათუმის შოთა რუსთაველის სახელმწიფო უნივერსიტეტის ბიბლიოთეკა

მარტვილობაი შუშანიკისი (ბიბ.ჩანაწერი № 48927)

000 -LEADER
fixed length control field 01113nam a2200217Ia 4500
001 - CONTROL NUMBER
control field 15830
003 - CONTROL NUMBER IDENTIFIER
control field GE_BSU
008 - FIXED-LENGTH DATA ELEMENTS--GENERAL INFORMATION
fixed length control field 181216s||||||||xx |||||||||||||| ||und||
040 ## - CATALOGING SOURCE
Transcribing agency GE_BSU
080 ## - UNIVERSAL DECIMAL CLASSIFICATION NUMBER
Universal Decimal Classification number 821.353.1-97
100 ## - MAIN ENTRY--PERSONAL NAME
Personal name ცურტაველი,იაკობ
245 ## - TITLE STATEMENT
Title მარტვილობაი შუშანიკისი
245 ## - TITLE STATEMENT
Statement of responsibility, etc. ქართული და სომხური ტექსტები გამოსცა, გამოკვლევა, ვარიანტები, ლექსიკონი და საძიებლები დაურთო ილია აბულაძემ
260 ## - PUBLICATION, DISTRIBUTION, ETC.
Place of publication, distribution, etc. თბილისი
260 ## - PUBLICATION, DISTRIBUTION, ETC.
Name of publisher, distributor, etc. თბილ. უნ-ტის გამ-ბა
260 ## - PUBLICATION, DISTRIBUTION, ETC.
Date of publication, distribution, etc. 1938
300 ## - PHYSICAL DESCRIPTION
Extent 120გვ. ; 25სმ.
520 ## - SUMMARY, ETC.
Summary, etc. დამატებითი თავფურცელი რუსულ-სომხურ ენებზე. - ტექსტი ქართულ-სომხურ ენებზე
653 ## - INDEX TERM--UNCONTROLLED
Uncontrolled term მარტვილობაი შუშანიკისი
942 ## - ADDED ENTRY ELEMENTS (KOHA)
Koha item type წიგნი
ეგზემპლარები
Withdrawn status Lost status Damaged status Not for loan Date acquired Barcode Date last seen Price effective from Koha item type
        2018-12-17 38913 2018-12-17 2018-12-17 წიგნი
        2018-12-17 38914 2018-12-17 2018-12-17 წიგნი
        2018-12-17 38915 2018-12-17 2018-12-17 წიგნი
        2018-12-17 38916 2018-12-17 2018-12-17 წიგნი